00948nam a22001097a 4500008004100000100001800041245008300059260003400142300003300176520059500209773003400804260427b ||||| |||| 00| 0 eng d aKumar, Rupak  aJoint parliamentary committees in INDIA: Evolving patterns and frameworks  aEconomic & Political Weekly  a61(7), Feb 14, 2026: p.59-65 aThere is a need to discern patterns and evolve a framework to understand parliamentary committees in India, especially joint parliamentary committees. The institutional arguments for sub-institutions like committees are situated in the larger discourse of political processes. Does the realpolitik in the Indian scenario enable the functioning, effectiveness, or efficacy of JPCs and what ails the working of parliamentary committees in India or its so-called “mini-Parliaments”?-Reproduced https://www.epw.in/journal/2026/7/special-articles/joint-parliamentary-committees-india.html  aEconomic & Political Weekly